Sanat - "Kuudenikäinen" - Katri Helena - Statistics

Yleistilastot
  • Tätä visaa on pelattu 37 kertaa
    36 viimeisimmän päivityksen jälkeen
  • Keskiarvotulos 71 / 119
Vastaustilastot
Vastaus % Oikein
jää
100%
kuudenikäinen
100%
puuro
100%
jo
95%
lautaselle
95%
on
95%
Äiti
89%
kun
89%
Kun
89%
nukkumaan
89%
ei
84%
jääköön
84%
elämään
79%
lapsonen
79%
leiki
79%
saa
79%
elää
74%
estää
74%
juostaan
74%
kahdenkymmenen
74%
laa
74%
täällä
74%
eilinen
68%
hetken
68%
huominen
68%
jokaisen
68%
kaiken
68%
minkä
68%
toinen
68%
alla
63%
lapsuuden
63%
leikit
63%
muuttaa
63%
muuttuu
63%
näytti
63%
olla
63%
onnellinen
63%
opi
63%
siitä
63%
tietämättään
63%
todeks
63%
äidin
58%
juoksee
58%
lapsi
53%
niin
53%
pommien
53%
jossain
47%
katsoo
47%
lai
47%
lalaa
47%
oman
47%
palaa
47%
syliin
47%
Hän
42%
hän
42%
isän
42%
kadun
42%
kasvot
42%
maailmaa
42%
miehet
42%
poikki
42%
tömisten
42%
tummuen
42%
vei
42%
Lapset
37%
minne
37%
riemuiten
37%
tiedä
37%
tossut
37%
äidit
32%
aurinkoon
32%
käy
32%
koskaan
32%
leikkii
32%
omiaan
32%
pihoillaan
32%
valvoo
32%
kodin
26%
puistikkoon
26%
vaan
26%
jättää
21%
lapsensilmin
21%
perheet
21%
Ehtoja vastaavia visoja ei löytynyt
Tulosjakauma
Jokaisen tuloksen saaneiden osuus
Persentiili vastausten määrän mukaan
Tuloshistoriasi
Et ole pelannut tätä visaa sen viimeisimmän päivityksen jälkeen